Bolivia Immigration by Country - Statistics

General Stats
  • This quiz has been taken 90 times
  • The average score is 17 of 20
Answer Stats
# People Country of Origin % Correct
63,200 Brazil
100%
49,800 Argentina
99%
5,500 Chile
99%
13,200 Peru
99%
5,000 Paraguay
96%
5,600 United States
96%
3,300 Colombia
92%
11,100 Mexico
92%
15,800 Venezuela
92%
14,100 Spain
90%
1,128 Ecuador
89%
1,020 United Kingdom
88%
1,180 France
86%
1,700 Canada
82%
1,440 Italy
82%
1,100 China
79%
2,400 Germany
75%
2,000 Japan
72%
2,100 Cuba
63%
900 Belize
10%
No matching quizzes found
Score Distribution
Percent of People with Each Score
Percentile by Number Answered
Your Score History
You have not taken this quiz